000
00235nam a2200097Ia 4500
005
20251222114407.0
008
251222s1900||||xx |||||||||||||| ||spa||
082
_a
DVD0097/C64/2008
245
0
_a
Odisea barroca:Baroque odyssey
942
_c
DVD
999
_c
1868
_d
1868